Klavierwerke. Eine Lustspielouverture, Op. 120

Hlavní autor: Reger, Max, 1873-1916
Další autoři: Draber, Hermann Wilhelm, 1878-1942
Jazyk: Nelze použít, není lingvistický obsah
Vydáno: Berlin : Ed. Bote & G. Bock, c1912
Edice: Universal-Edition
Fyzický popis: 18 s.
Hudebniny Hudebniny
Uloženo v:
LEADER 00952ncm a22002652a 4500
001 001317143
003 CZ BrMZK
005 20160315112220.0
007 qu
008 030413s1912 gw |||||||||||||||||zxx d
040 |a BOA001  |b cze 
072 7 |a 786  |x Hudba pro klávesové nástroje  |2 Konspekt  |9 9 
100 1 |a Reger, Max,  |d 1873-1916  |7 jn20000604597  |4 cmp 
245 1 0 |a Klavierwerke.  |p Eine Lustspielouverture, Op. 120  |h [hudebnina] /  |c von Max Reger ; Bearbeitung von H.W. Draber 
246 3 0 |a Lustspielouverture, Op. 120 
260 |a Berlin :  |b Ed. Bote & G. Bock,  |c c1912 
300 |a 18 s. 
490 1 |a Universal-Edition ;  |v Nr. 3418 
500 |a Převzato do Universal-Edition 
700 1 |a Draber, Hermann Wilhelm,  |d 1878-1942  |7 mzk2015875798  |4 arr 
830 0 |a Universal-Edition 
910 |a BOA001  |b Mus4-0185.736 
990 |a MU 
991 |b 201308 
996 6 |b 2619600402  |c Mus4-0185.736  |l MZK  |r Sklad / do 1 hodiny  |n 0  |w 001352247  |u 000010  |a 1  |e BOA001  |j MZK50  |s P